Europe quarterly (Record no. 108975)

MARC details
000 -LEADER
fixed length control field 01217cad a22002295a 4500
001 - CONTROL NUMBER
control field L145938
008 - FIXED-LENGTH DATA ELEMENTS--GENERAL INFORMATION
fixed length control field 081125s2008 xxkad f s 000 0 eng d
035 ## - SYSTEM CONTROL NUMBER
System control number (Sirsi) u145938
041 0# - LANGUAGE CODE
Language code of text/sound track or separate title eng
050 04 - LIBRARY OF CONGRESS CALL NUMBER
Classification number 333.33 $2 18
110 2# - MAIN ENTRY--CORPORATE NAME
Corporate name or jurisdiction name as entry element Atisreal
9 (RLIN) 5337
245 00 - TITLE STATEMENT
Title Europe quarterly
Remainder of title investment market quarter three 2008
Medium [electronic resource]
260 ## - PUBLICATION, DISTRIBUTION, ETC.
Place of publication, distribution, etc. [S.l.]
Name of publisher, distributor, etc. Atisreal
Date of publication, distribution, etc. 2008
490 #0 - SERIES STATEMENT
Series statement Atisreal Europe Quarterly Investment Market
Volume/sequential designation Quarter Three 2008
520 ## - SUMMARY, ETC.
Summary, etc. Reveals that the European investment market has taken a direct hit due to the credit crunch. Reports that investment volumes over the past three quarters fell 61% compared to 2007, amounting to EURO30.3bn and EURO77.2bn respectively, and that investment volumes fell at a faster rate in the third quarter 2008 compared to the second quarter 2008. However, with yields still rising, expects the end of 2008 to result in record yields.
590 ## - LOCAL NOTE (RLIN)
Local note KA
650 24 - SUBJECT ADDED ENTRY--TOPICAL TERM
Topical term or geographic name entry element ATISREAL EUROPE QUARTERLY INVESTMENT MARKET
651 #4 - SUBJECT ADDED ENTRY--GEOGRAPHIC NAME
Geographic name Europe
690 ## - LOCAL SUBJECT ADDED ENTRY--TOPICAL TERM (OCLC, RLIN)
Topical term or geographic name as entry element PROPERTY-COMMERCIAL PROPERTY-COMMERCIAL PROPERTY MARKET
856 40 - ELECTRONIC LOCATION AND ACCESS
Uniform Resource Identifier <a href="https://www.atisreal.com/">https://www.atisreal.com/</a>
Public note View this report free of charge under market research at www.atisreal.com...
942 ## - ADDED ENTRY ELEMENTS (KOHA)
Suppress in OPAC 0
Holdings
Withdrawn status Lost status Source of classification or shelving scheme Damaged status Not for loan Home library Current library Shelving location Date acquired Total Checkouts Full call number Barcode Date last seen Copy number Price effective from Koha item type
    Dewey Decimal Classification     Virtual Virtual Online 25/11/2008   ONLINE PUBLICATION 145938-2001 06/08/2019 1 06/08/2019 Book